RICS UK Economic Brief for September 2003 (Record no. 73435)

MARC details
000 -LEADER
fixed length control field 01406cam a2200217 4500
001 - CONTROL NUMBER
control field WB3936-07
008 - FIXED-LENGTH DATA ELEMENTS--GENERAL INFORMATION
fixed length control field 030923n2003 000 0 eng u
035 ## - SYSTEM CONTROL NUMBER
System control number (Sirsi) u123687
245 ## - TITLE STATEMENT
Title RICS UK Economic Brief for September 2003
260 ## - PUBLICATION, DISTRIBUTION, ETC.
Date of publication, distribution, etc. 2003
490 ## - SERIES STATEMENT
Series statement RICS News Service
Volume/sequential designation 17 September 2003 (1)
520 ## - SUMMARY, ETC.
Summary, etc. The September brief published by the RICS Policy Unit shows economic recovery gathering pace in August with manufacturing in July achieving the largest rise in output for eight months. Although there are question marks over the durability of the economic upturn, it is likely that interest rates will stay on hold into 2004. Reviews the commercial property, construction and residential property markets. Commercial rental declines are less pronounced as better economic activity has aided the office sector. Construction output growth slowdown has continued. The housing market has shown renewed signs of life. The September brief is available at http://www.rics.org/downloads/brief/ebse03.pdf. http://www.rics.org/ricscms/bin/show?class=Brief&template=/includes/showbrief.html&id=525&faculty=RICS
590 ## - LOCAL NOTE (RLIN)
Local note WB
650 ## - SUBJECT ADDED ENTRY--TOPICAL TERM
Topical term or geographic name entry element RICS UK ECONOMIC BRIEF
650 ## - SUBJECT ADDED ENTRY--TOPICAL TERM
Topical term or geographic name entry element COMMERCIAL RENTS
650 ## - SUBJECT ADDED ENTRY--TOPICAL TERM
Topical term or geographic name entry element PROPERTY-COMMERCIAL PROPERTY-COMMERCIAL PROPERTY MARKET
650 ## - SUBJECT ADDED ENTRY--TOPICAL TERM
Topical term or geographic name entry element CONSTRUCTION MARKET
650 ## - SUBJECT ADDED ENTRY--TOPICAL TERM
Topical term or geographic name entry element RESIDENTIAL PROPERTY MARKET
690 ## - LOCAL SUBJECT ADDED ENTRY--TOPICAL TERM (OCLC, RLIN)
Topical term or geographic name as entry element ECONOMIC ISSUES
942 ## - ADDED ENTRY ELEMENTS (KOHA)
Suppress in OPAC 0
Holdings
Withdrawn status Lost status Source of classification or shelving scheme Damaged status Not for loan Home library Current library Shelving location Date acquired Total Checkouts Full call number Barcode Date last seen Copy number Price effective from Koha item type
    Dewey Decimal Classification     London London News article 23/09/2003   WB3936-07 123687-1001 06/08/2019 1 06/08/2019 News article